| 000 | 00915nam a22002057a 4500 | ||
|---|---|---|---|
| 999 |
_c15539 _d15539 |
||
| 003 | AR-CdUCM | ||
| 008 | 190429b ||||| |||| 00| 0 spa d | ||
| 040 |
_aMUNICIPALIDAD PROVINCIAL DEL CUSCO _cBIBLIOTECA MUNICIPAL DEL CUSCO |
||
| 082 |
_a985.41 / _bSE37 |
||
| 100 |
_aSeler, Eduard _934640 |
||
| 245 | _aComentarios al códice Borgia I / | ||
| 260 |
_aMéxico : _bFondo de cultura económica, _c1963. |
||
| 300 |
_a278 paginas ; _bIlustraciones, _c29 cm. |
||
| 500 | _aTitulo original : Codex Borgia | ||
| 505 | _aContenido : t.1 :Historia y carácter del códice borgia -- Los veinte signos de los días y sus deidades -- Los nueve señores de las horas de la noche -- Los cuatro veces cinco guardianes de los periodos de venus -- Los signos de los días y las partes del cuerpo... | ||
| 650 |
_aLos Borgia _915835 |
||
| 650 |
_aCódice Borgia _934641 |
||
| 942 |
_2ddc _cLIBROS |
||
| 945 |
_awnts _d2019-04-29 |
||